Представление документа в формате RUSMARC

ПолеНазваниеЗначение
  Тип записи a
  Библиографический уровень m
001 Контрольный номер LIBNET\0000573234
005 Дата корректировки 20201206205043.9
010 Индекс ISBN __
a ISBN 978-5-91103-236-4
d Цена 500-15
100 Данные общей обработки __
a Данные общей обработки 19170419d2015||||||| 0rusy0189 ca
101 Язык документа 1_
a Язык текста rus
c Язык оригинала eng
102 Страна публикации __
a Страна публикации RU|
102 Страна публикации __
a Страна публикации RU
105 Кодированные данные (монография) __
a Кодированные данные (монография) a||||||||||zy
200 Заглавие и сведения об ответственности 1_
a Заглавие Осмысляя современное кураторство
f Первые сведения об ответственности Терри Смит ; [перевод с английского: Анна Матвеева]
b Общее обозначение материала Текст
210 Выходные данные __
a Место издания Москва
c Издательство Ад Маргинем Пресс
d Дата издания 2015
215 Физическое описание __
a Объем 271 с.
c Иллюстрации/тип воспроизводства ил.
d Формат 19 см
225 Серия __
a Серия GARAGE Pro
300 Общие примечания __
a Общие примечания Загл. и авт. ориг.: Thinking contemporary curating / Terry Smith
300 Общие примечания __
a Общие примечания Тираж не указан
320 Библиография __
a Библиография Библиогр. в подстроч. примеч.
330 Аннотация __
a Аннотация Задача книги - представить размышления кураторов, художников, критиков и искусствоведов из разных уголков мира о кураторской практике, функциях современных музеев и работе в сфере искусства сегодня.
606 Тематические рубрики __
a Основная рубрика Изобразительное искусство и архитектура
606 Тематические рубрики __
a Основная рубрика Изобразительное искусство и архитектура в целом
610 Ключевые слова __
a Ключевые слова выставки
a Ключевые слова кураторство
a Ключевые слова кураторство в искусстве
a Ключевые слова музейные выставки
a Ключевые слова организация выставок
a Ключевые слова современное искусство
a Ключевые слова художественные выставки
686 Индексы других классификаций __
2 Код системы rubbks
a Классификационный индекс 85.101.1
700 Автор _1
a Фамилия Смит
b Имя Т.
g Полное личное имя Терри
4 Код отношения 070
702 Вторичная интеллектуальная ответственность _1
a Фамилия Матвеева
b Имя А.
4 Код отношения Переводчик
g Полное личное имя Анна
4 Код отношения 730
801 Источник записи _0
a Страна RU
b Организация Мурманская ГОУНБ
c Дата составления 20170419
g Правила каталогизации КиК/Котельникова
801 Источник записи _2
a Страна RU
b Организация Муниципальное бюджетное учреждение культуры "Централизованная библиотечная система" г. Сургут (Центральная городская библиотека им. А. С. Пушкина)
c Дата составления 20170419
852 Данные о местонахождении __
j Шифр хранения 85.101.1
i Авторский знак С 50
901 Тип документа __
t Тип документа m
903 Характеристики (МАРС) __
a Дата передачи 20170419
990 Данные о заказе (DOS) __
j Количество экземпляров (DOS) 1
t N записи в КСУ для И/У (DOS) 201704